Toponimia de la provincia de Limón

Furkejuvvon:
Bibliográfalaš dieđut
Váldodahkki: Chang Vargas, Giselle
Materiálatiipa: Girji
Giella:Undetermined
Almmustuhtton: San José, Costa Rica Sistema de Estudios de Posgrado,Universidad de Costa Rica 2000
Fáttát:
Fáddágilkorat: Lasit fáddágilkoriid
Eai fáddágilkorat, Lasit vuosttaš fáddágilkora!

MARC

LEADER 00000nam a2200000Ia 4500
008 170316s9999 xx 000 0 und d
040 |a cru BVZT 
090 |a TESIS 644 
100 |a Chang Vargas, Giselle 
245 |a Toponimia de la provincia de Limón 
260 |a San José, Costa Rica 
260 |b Sistema de Estudios de Posgrado,Universidad de Costa Rica 
260 |c 2000 
300 |a 233 páginas 
650 |a MAGÍSTER LINGÜÍSTICAE 
650 |a TRABAJO FINAL DE GRADUACIÓN 
999 |c 14299  |d 14299 
942 |c TFG  |h TESIS 644  |2 z